00475nam a2200193 a 4500001001300000003000900013005001700022008004100039020001000080082001600090100002300106245002000129260003400149300000900183500003500192505001300227650001800240700002300258nice12345678IN_TiNIC20260116011535.0050524s0000 siaa grp 000 0 urd  ac10000a297.52bALI aAli, Shaikh Barkat aMiftahul Jannat aSialkotebBarkat a Khanc0000 a128p aincludes index and biblioraphy2 aAppendix aIslam-Prayers1 aAli, Shaikh Barkat